000 00872nam a2200277 a 4500
008 951205s1981||||[C 0 slo c
020 _c45 Kčs.
_q(2000 výtl.)
040 _aSNK
_bslo
_cSNK
_eAACR2
041 1 _aslo
_hbul
044 _axo
_cSK
080 _a7.01:111.852
080 _a111.852
080 _a111.852
080 _a7.01
080 _a1 100.24
100 1 _aGoranov, Krastio
_4aut
245 1 0 _aUmenie a spoločenský život
_cKrastio Goranov ; Ľubica Bernkopfová, Jozef Michaláč
250 _a1., vyd.
260 _aBratislava
_bPravda
_c1981
_eBratislava
_fPravda
300 _a448 s., 24,71 AH
_c21 cm
490 0 _aČlovek a umenie
500 _aLit. 238. 238 zázn. lit. o knihách, čl. a zb. v jaz. slov., čes., rus., angl., franc. a poľ.
700 1 _aBernkopfová, Ľubica
_4trl
700 1 _aMichaláč, Jozef
_4bkd
958 _aA
999 _c14923
_d14923